000 00445nmm a2200157Ia 4500
008 251105s9999||||xx |||||||||||||||||und||
020 _a9788431535773
041 _aspa
100 _aStuart, Giorgio
245 0 _aLas mejores salsas. Las 209 recetas más adecuadas
264 _a[Madrid, España] :
_bDe Vecchi,
_c2012
300 _a0 páginas
650 _aCooking
856 _uhttps://public.digitaliapublishing.com/a/31146
942 _cCF
999 _c81418
_d81418